[Event "IECC KO email"]
[Site "IECC email"]
[Date "2001.12.30"]
[Round "?"]
[White "Gaba, Alf Holten"]
[Black "Pimentel, Axel"]
[Result "1-0"]
[WhiteElo "1043"]
[BlackElo "988"]
[PlyCount "25"]
[EventDate "2001.??.??"]
[EventType "tourn (corr)"]
[EventRounds "6"]
[SourceTitle "Corr 2008"]
[Source "ChessBase"]
[SourceDate "2008.06.24"]
[SourceVersion "1"]
[SourceVersionDate "2008.06.24"]
[SourceQuality "1"]

1. e4 e5 2. f4 Nc6 3. Nf3 d6 4. Bb5 f5 5. fxe5 fxe4 6. Nd4 d5 7. Nxc6 bxc6 8. Bxc6+ Bd7 9. Bxa8 Qxa8 10. d4 Ne7 11. Bg5 Nf5 12. Nc3 h6 13. Qh5+ 1-0

[Event "IECC Swiss email"]
[Site "IECC email"]
[Date "2001.04.22"]
[Round "?"]
[White "Smith, Chuck"]
[Black "Gaba, Alf Holten"]
[Result "1-0"]
[WhiteElo "1804"]
[BlackElo "1028"]
[PlyCount "25"]
[EventDate "2001.??.??"]
[EventType "tourn (corr)"]
[EventRounds "6"]
[SourceTitle "Corr 2008"]
[Source "ChessBase"]
[SourceDate "2008.06.24"]
[SourceVersion "1"]
[SourceVersionDate "2008.06.24"]
[SourceQuality "1"]

1. e4 e5 2. Nf3 Nc6 3. d4 exd4 4. c3 dxc3 5. Bc4 f6 6. Nxc3 Ne5 7. Nxe5 fxe5 8. Qh5+ g6 9. Qxe5+ Qe7 10. Qxh8 Qg7 11. Qxg7 Bxg7 12. Bxg8 d6 13. Bxh7 1-0

[Event "IECC Swiss email"]
[Site "IECC email"]
[Date "2001.02.12"]
[Round "?"]
[White "Hassan, William"]
[Black "Gaba, Alf Holten"]
[Result "1-0"]
[WhiteElo "1824"]
[BlackElo "1028"]
[PlyCount "51"]
[EventDate "2001.??.??"]
[EventType "tourn (corr)"]
[EventRounds "6"]
[SourceTitle "Corr 2008"]
[Source "ChessBase"]
[SourceDate "2008.06.24"]
[SourceVersion "1"]
[SourceVersionDate "2008.06.24"]
[SourceQuality "1"]

1. e4 e5 2. f4 exf4 3. Nf3 g5 4. h4 g4 5. Ne5 Nf6 6. d4 d6 7. Nd3 Nxe4 8. Bxf4 Qe7 9. Qe2 Bg7 10. c3 h5 11. Nd2 Nxd2 12. Qxe7+ Kxe7 13. Kxd2 Be6 14. Bg5+ f6 15. Be3 Nd7 16. Nf4 Nf8 17. Bd3 Bf7 18. Rae1 Re8 19. c4 c6 20. d5 a6 21. Bb6+ Kd7 22. Bf5+ Be6 23. dxe6+ Ke7 24. Kc2 Rc8 25. Re2 Rh6 26. Rd1 1-0

[Event "IECC KO email"]
[Site "IECC email"]
[Date "2000.12.13"]
[Round "?"]
[White "Karlsson, Roger"]
[Black "Gaba, Alf Holten"]
[Result "1-0"]
[WhiteElo "1007"]
[BlackElo "1045"]
[PlyCount "79"]
[EventDate "2000.??.??"]
[EventType "tourn (corr)"]
[EventRounds "6"]
[SourceTitle "Corr 2008"]
[Source "ChessBase"]
[SourceDate "2008.06.24"]
[SourceVersion "1"]
[SourceVersionDate "2008.06.24"]
[SourceQuality "1"]

1. e4 e5 2. Nf3 Nc6 3. Bc4 Bc5 4. c3 Nf6 5. d4 exd4 6. cxd4 Bb4+ 7. Nc3 Nxe4 8. 0-0 Nxc3 9. bxc3 Bxc3 10. Ba3 Bxa1 11. Re1+ Ne7 12. Rxe7+ Qxe7 13. Bxe7 Kxe7 14. Qe1+ Kf8 15. Ne5 Bxd4 16. Nxf7 Rg8 17. Qb4+ d6 18. Nxd6 cxd6 19. Qxd6+ Ke8 20. Bxg8 Bf6 21. Be6 Bxe6 22. Qxe6+ Kf8 23. f4 Re8 24. Qd6+ Be7 25. Qc7 a6 26. Qxb7 Bc5+ 27. Kf1 a5 28. Qb5 Bb4 29. a3 Bxa3 30. Qxa5 Be7 31. Qh5 h6 32. Qg6 Bd8 33. g4 Re3 34. g5 hxg5 35. Qf5+ Ke8 36. fxg5 Bc7 37. h4 Bg3 38. g6 Be5 39. Qe6+ Kf8 40. Qf7# 1-0

[Event "IECC KO email"]
[Site "IECC email"]
[Date "2000.04.21"]
[Round "?"]
[White "Harrison, Mark"]
[Black "Gaba, Alf Holten"]
[Result "0-1"]
[WhiteElo "872"]
[BlackElo "983"]
[PlyCount "60"]
[EventDate "2000.??.??"]
[EventType "tourn (corr)"]
[EventRounds "6"]
[SourceTitle "Corr 2008"]
[Source "ChessBase"]
[SourceDate "2008.06.24"]
[SourceVersion "1"]
[SourceVersionDate "2008.06.24"]
[SourceQuality "1"]

1. e4 e5 2. Bc4 Nf6 3. Nf3 Nc6 4. Ng5 Qe7 5. Nxf7 Rg8 6. d3 d6 7. Qf3 Be6 8. Ng5 Bxc4 9. dxc4 Nd4 10. Qd3 g6 11. 0-0 0-0-0 12. Qh3+ Kb8 13. c3 Nc2 14. Qe6 Qxe6 15. Nxe6 Re8 16. Ng5 Nxa1 17. Be3 Nc2 18. Bd2 Bh6 19. h4 Bxg5 20. Bxg5 Nxe4 21. Bc1 g5 22. hxg5 Nxg5 23. f4 exf4 24. Kh2 Re1 25. Rxf4 Rxc1 26. Nd2 Ne3 27. Nb3 Rf1 28. Rd4 Nf3+ 29. gxf3 Rg2+ 30. Kh3 Rh1# 0-1

[Event "IECC M email"]
[Site "IECC email"]
[Date "2000.04.17"]
[Round "?"]
[White "Gaba, Alf Holten"]
[Black "Potter, Carolyn"]
[Result "1-0"]
[WhiteElo "1019"]
[BlackElo "942"]
[PlyCount "69"]
[EventDate "2000.??.??"]
[EventType "tourn (corr)"]
[EventRounds "2"]
[SourceTitle "Corr 2008"]
[Source "ChessBase"]
[SourceDate "2008.06.24"]
[SourceVersion "1"]
[SourceVersionDate "2008.06.24"]
[SourceQuality "1"]

1. d4 d5 2. c4 e6 3. Nc3 Ne7 4. f4 Nf5 5. e4 dxe4 6. Nxe4 Be7 7. Nf3 b6 8. Bd2 0-0 9. Bd3 c5 10. d5 Na6 11. Nc3 Nc7 12. Bxf5 exf5 13. Be3 Na6 14. 0-0 Bd7 15. Nb5 Nb4 16. a3 Na6 17. d6 Bf6 18. Qd2 g6 19. Rad1 Be6 20. b3 Nb8 21. Nc7 Nc6 22. Nxa8 Qxa8 23. b4 Bxc4 24. Rf2 Bd4 25. Nxd4 cxd4 26. Bxd4 Nxd4 27. Qxd4 b5 28. d7 Rd8 29. Qf6 Bb3 30. Rd6 Re8 31. dxe8Q+ Qxe8 32. Rd8 Qf8 33. Rxf8+ Kxf8 34. Rd2 Ke8 35. Rd8# 1-0